000 00810nam a2200217Ia 4500
003 GCL
005 20240530103753.0
008 140319s9999 xx 000 0 ara d
040 _aGCL /
_cGCL
082 0 4 _a346.048
_bم م
100 1 _aمحمد حسام محمود لطفى
245 1 0 _aالمرجع العملى فى الملكية الادبية والفنية فى ضوء اراء الفقه واحكام القضاء /
_cمحمد حسام محمود لطفى
260 _a( القاهرة )
_bالمؤلف :
_c1992
300 _a278 ص
_b24 سم
490 _aكتاب
_v0
650 0 4 _aالنشر
650 0 4 _aحقوق التأليف والنشر
650 0 4 _aاتفاقية برن لحق المؤلف
650 0 4 _aالاتفاقية العالمية لحق المؤلف
942 _2ddc
_cBK
999 _c42341
_d42341